000 00286nam a2200109Ia 4500
008 190216s9999||||xx |||||||||||||| ||und||
100 _aPrasad M K&Amp; Krishna Prasad M
245 0 _aPragrthi Samrekshanam
260 _bKerala Sastra Sahithya Parishad
650 _aGeneral
942 _cBK
999 _c25496
_d25496